1544 1890 1643 1987 1252 1489 1508 1511 1641 1692 1535 1540 1296 1404 1488 1539 1459 1386 1999 1305 1330 1704 1190 1793 1187 1967 1075 1904 1682 1430 1038 1202 1397 1599 1960 1648 1699 1129 1565 1719 1406 1474 1192 1853 1685 1044 1252 1220 1834 1045 1723 1084 1044 1309 1134 1361 1714 1021 1213 1781 1157 1621 1071 1058 1659 1700 1798 1802 1997 1451 1139 1672 1648 1759 1566 1759 1364 1132 1219 1340 1295 1260 1824 1936 1173 1952 1198 1165 1315 1708 1463 1605 1845 1262 1929 1944 1643 1317 1264 BCNSPRNW ULIB Ver.6.0+V

เปลี่ยนเป็นภาษาไทย

Change to English
 แสดงรายละเอียดบรรณานุกรม
  กลับหน้าหลัก

Brief Record : Get Marc (ISO 2709) : E-mail record : QR code < ปิดหน้าต่าง
LEADER : 00000nam 2200000uu 4500
001    13399121312
003     ULIB
008    120828s2555||||th 000 0 tha d
020    ^a9786167322469
060  4 ^aWY163^bฐ331ก
100 0  ^aฐิติอาภา ตั้งค้าวานิช
245 10 ^aการพยาบาลผู้ป่วยที่ได้รับออกซิเจน. /^cฐิติอาภา ตั้งค้าวานิช
250    ^aพิมพ์ครั้งที่ 1.
260    ^aนนทบุรี :^bโครงการตำราคณะพยาบาลศาสตร์ มหาวิทยาลัยนเรศวร,^c2555.
300    ^a149 หน้า :^bภาพประกอบ
650  7 ^aทางเดินหายใจ^xโรค^xการพยาบาล
650  7 ^aปอด^xโรค^xการพยาบาล
650  7 ^aออกซิเจน
710 2  ^aมหาวิทยาลัยนเรศวร.^bโครงการตำราคณะพยาบาลศาสตร์
945    ^p0^l0^i033074
945    ^p0^l0^i033075
945    ^p0^l0^i033076
945    ^p0^l0^i033077
945    ^p0^l0^i033078
945    ^p0^l0^i038791
945    ^p0^l0^i038792
945    ^p0^l0^i038793
945    ^p0^l0^i038794
945    ^p0^l0^i038795
945    ^p0^l0^i038796
945    ^p0^l0^i038797
945    ^p0^l0^i039344
995    ^aทศพร
999    ^aทศพร
รายการนี้ยังไม่มีแท็ก
คุณยังไม่ได้ล็อกอิน คุณสามารถมีกิจกรรมร่วมกับเว็บไซต์ได้ แต่ต้องล็อกอินก่อน ::
  ล็อกอิน

รายการสื่อสารสนเทศ

ลำดับที่ ประเภท เลขเรียก/บาร์โค้ด สถานที่ สถานะ
1. วิทยาศาสตร์การแพทย์ และสุขภาพ
หนังสือสำรอง
สถานะ=หนังสือสำรอง
WY163 ฐ331ก ฉ.1 
  Barcode: 033074
ห้องสมุดวิทยาเขตสวรรค์ประชารักษ์
►ส่วนจัดเก็บหนังสือเก่า สปร
บนชั้น
  ขอยืม
2. วิทยาศาสตร์การแพทย์ และสุขภาพ
วิทยาศาสตร์การแพทย์ และสุขภาพ
WY163 ฐ331ก ฉ.10 
  Barcode: 038795
ห้องสมุดวิทยาเขตสวรรค์ประชารักษ์
►ส่วนจัดเก็บหนังสือเก่า สปร
บนชั้น
  ขอยืม
3. วิทยาศาสตร์การแพทย์ และสุขภาพ
วิทยาศาสตร์การแพทย์ และสุขภาพ
WY163 ฐ331ก ฉ.11 
  Barcode: 038796
ห้องสมุดวิทยาเขตสวรรค์ประชารักษ์
►ส่วนจัดเก็บหนังสือเก่า สปร
บนชั้น
  ขอยืม
4. วิทยาศาสตร์การแพทย์ และสุขภาพ
วิทยาศาสตร์การแพทย์ และสุขภาพ
WY163 ฐ331ก ฉ.12 
  Barcode: 038797
ห้องสมุดวิทยาเขตสวรรค์ประชารักษ์
►ส่วนจัดเก็บหนังสือเก่า สปร
บนชั้น
  ขอยืม
5. Book การพยาบาล
Book การพยาบาล
WY163 ฐ331ก ฉ.13 
  Barcode: 039344
ห้องสมุดวิทยาเขตสวรรค์ประชารักษ์
►ส่วนจัดเก็บหนังสือเก่า สปร
บนชั้น
  ขอยืม
6. วิทยาศาสตร์การแพทย์ และสุขภาพ
วิทยาศาสตร์การแพทย์ และสุขภาพ
WY163 ฐ331ก ฉ.2 
  Barcode: 033075
ห้องสมุดวิทยาเขตสวรรค์ประชารักษ์
►ส่วนจัดเก็บหนังสือเก่า สปร
บนชั้น
  ขอยืม
7. วิทยาศาสตร์การแพทย์ และสุขภาพ
วิทยาศาสตร์การแพทย์ และสุขภาพ
WY163 ฐ331ก ฉ.3 
  Barcode: 033076
ห้องสมุดวิทยาเขตสวรรค์ประชารักษ์
►ส่วนจัดเก็บหนังสือเก่า สปร
บนชั้น
  ขอยืม
8. วิทยาศาสตร์การแพทย์ และสุขภาพ
วิทยาศาสตร์การแพทย์ และสุขภาพ
WY163 ฐ331ก ฉ.4 
  Barcode: 033077
ห้องสมุดวิทยาเขตสวรรค์ประชารักษ์
►ส่วนจัดเก็บหนังสือเก่า สปร
บนชั้น
  ขอยืม
9. วิทยาศาสตร์การแพทย์ และสุขภาพ
วิทยาศาสตร์การแพทย์ และสุขภาพ
WY163 ฐ331ก ฉ.5 
  Barcode: 033078
ห้องสมุดวิทยาเขตสวรรค์ประชารักษ์
►ส่วนจัดเก็บหนังสือเก่า สปร
บนชั้น
  ขอยืม
10. วิทยาศาสตร์การแพทย์ และสุขภาพ
วิทยาศาสตร์การแพทย์ และสุขภาพ
WY163 ฐ331ก ฉ.6 
  Barcode: 038791
ห้องสมุดวิทยาเขตสวรรค์ประชารักษ์
►ส่วนจัดเก็บหนังสือเก่า สปร
บนชั้น
  ขอยืม
11. วิทยาศาสตร์การแพทย์ และสุขภาพ
วิทยาศาสตร์การแพทย์ และสุขภาพ
WY163 ฐ331ก ฉ.7 
  Barcode: 038792
ห้องสมุดวิทยาเขตสวรรค์ประชารักษ์
►ส่วนจัดเก็บหนังสือเก่า สปร
บนชั้น
  ขอยืม
12. วิทยาศาสตร์การแพทย์ และสุขภาพ
วิทยาศาสตร์การแพทย์ และสุขภาพ
WY163 ฐ331ก ฉ.8 
  Barcode: 038793
ห้องสมุดวิทยาเขตสวรรค์ประชารักษ์
►ส่วนจัดเก็บหนังสือเก่า สปร
บนชั้น
  ขอยืม
13. วิทยาศาสตร์การแพทย์ และสุขภาพ
วิทยาศาสตร์การแพทย์ และสุขภาพ
WY163 ฐ331ก ฉ.9 
  Barcode: 038794
ห้องสมุดวิทยาเขตสวรรค์ประชารักษ์
►ส่วนจัดเก็บหนังสือเก่า สปร
บนชั้น
  ขอยืม

รายการใกล้เคียง
    ผู้แต่ง [ฐิติอาภา ตั้งค้าวานิช]

    หัวเรื่อง [ออกซิเจน]

BibComment


ยังไม่เคยถูกคอมเมนท์

คอมเมนท์ทรัพยากรรายการนี้
  คอมเมนท์: การพยาบาลผู้ป่วย..


 Copyright 2026. Bcnsprnw @Library